书目信息 |
| 题名: |
欧美建筑保护
|
|
| 作者: | 斯塔布斯 , 马卡斯 著 ;申思 译 | |
| 分册: | ||
| 出版信息: | 北京 电子工业出版社 2015 |
|
| 页数: | 20,705页 | |
| 开本: | 28cm | |
| 丛书名: | ||
| 单 册: | ||
| 中图分类: | TU-87 | |
| 科图分类: | ||
| 主题词: | 古建筑--保护--研究--世界 | |
| 电子资源: | ||
| ISBN: | 978-7-121-26796-3 | |
| 000 | 01209nam0 2200289 450 | |
| 001 | 768 | |
| 005 | 20160908144051.76 | |
| 010 | @a978-7-121-26796-3@dCNY195.00 | |
| 100 | @a20151217d2015 em y0chiy50 ea | |
| 101 | 1 | @achi@ceng |
| 102 | @aCN@b110000 | |
| 105 | @aa z 000yy | |
| 200 | 1 | @a欧美建筑保护@9ou mei jian zhu bao hu@e经验与实践@f(美)约翰·H. 斯塔布斯,(美)艾米丽·G. 马卡斯著@g申思译 |
| 210 | @a北京@c电子工业出版社@d2015 | |
| 215 | @a20,705页@c图@d28cm | |
| 300 | @a“十二五”国家重点图书出版规划项目 | |
| 305 | @a由美国John Wiley & Sons, Inc.公司授权出版 | |
| 312 | @a版权页英文题名:Architectural conservation in Europe and the Americas | |
| 330 | @a本书对欧洲和南、北美洲丰富的建筑遗产进行了探索,对杰出的建筑保护案例进行介绍,浓墨于67个国家建筑保护的历史、相关建筑、主要参与者、特殊挑战、解决方案及特别贡献。 | |
| 510 | 1 | @aArchitectural conservation in Europe and the Americas@zeng |
| 606 | 0 | @a古建筑@x保护@x研究@y世界 |
| 690 | @aTU-87@v5 | |
| 701 | 0 | @a斯塔布斯@9si ta bu si@c(美)@c(Stubbs, John H.)@4著 |
| 701 | 0 | @a马卡斯@9ma ka si@c(美)@c(Makas, Emily G.)@4著 |
| 702 | 0 | @a申思@9shen si@4译 |
| 801 | 0 | @aCN@b唐山师范学院图书馆@c20160723 |
| 905 | @aZUCC@dTU-87@e126 | |
| 欧美建筑保护:经验与实践/(美)约翰·H. 斯塔布斯,(美)艾米丽·G. 马卡斯著/申思译.-北京:电子工业出版社,2015 |
| 20,705页:图;28cm |
| “十二五”国家重点图书出版规划项目 |
| ISBN 978-7-121-26796-3:CNY195.00 |
| 本书对欧洲和南、北美洲丰富的建筑遗产进行了探索,对杰出的建筑保护案例进行介绍,浓墨于67个国家建筑保护的历史、相关建筑、主要参与者、特殊挑战、解决方案及特别贡献。 |
| ● |
| 相关链接 |
|
|
|
|
正题名:欧美建筑保护
索取号:TU-87/126
 
预约/预借
| 序号 | 登录号 | 条形码 | 馆藏地/架位号 | 状态 | 备注 |
| 1 | 903361 | 209033614 | 第二样本阅览室/ [索取号:TU-87/126] | 在馆 | |
| 2 | 903362 | 209033623 | 第三借阅区/ [索取号:TU-87/126] | 在馆 | |
| 3 | 903363 | 209033632 | 第三借阅区/ [索取号:TU-87/126] | 在馆 |